000 00551nam a2200193 i 4500
001 10781
003 ES-MaACL
005 20230906145946.0
007 t|
008 890907s1984 fr ||||0| fre j
020 _a2-85-707-133-7
080 _a321.15
100 1 _aHani, Jean.
_961727
245 1 3 _aLa Royauté sacrée du pharaon au roi très chrétien /
_cJean Hani.
260 _aParis :
_bGuy Trédaniel,
_cD.L. 1984.
300 _a267 p., [16] p. de lám. ;
_c21 cm.
650 1 4 _aTeocracia.
_917456
852 _aES-MaACL
_jL-18162
_bR.113326
999 _c10781
_d10781